| 000 | 00741nam a22002297a 4500 | ||
|---|---|---|---|
| 999 |
_c6327 _d6327 |
||
| 003 | AR-CdUCM | ||
| 008 | 190311b ||||| |||| 00| 0 spa d | ||
| 040 |
_aMUNICIPALIDAD PROVINCIAL DEL CUSCO _cBIBLIOTECA MUNICIPAL DEL CUSCO |
||
| 082 |
_a869.56 / _bG45 |
||
| 100 |
_aGIbson Parra, Percy _915187 |
||
| 245 | _aObra poética / | ||
| 260 |
_aLima : _bTalleres graficos, _c2018.. |
||
| 300 |
_a244 paginas ; _c20 cm. |
||
| 505 | _aObra Poética -- El gallo -- Añoranzas -- Óleos -- El refugio... | ||
| 650 |
_aLiteratura peruana _9169 |
||
| 650 |
_aLiteratura Latinoamericana _9799 |
||
| 650 |
_aLiteratura andina _915188 |
||
| 700 |
_aSeifert, Reinhard _97052 |
||
| 856 | _frseifert@gmail.com | ||
| 942 |
_2ddc _cLIBROS |
||
| 945 | _awnts | ||